| 000 | 00971cam a2200277 a 4500 | ||
|---|---|---|---|
| 001 | 12777531 | ||
| 005 | 20250325125619.0 | ||
| 008 | 020516s2002 enka b 001 0 eng | ||
| 020 | _a0333984587 (cloth) | ||
| 020 | _a0333984595 (pbk.) | ||
| 050 | 0 | 0 |
_aHD4901 _b.N656 2002 |
| 082 | 0 | 0 |
_a306.3/6 _221 |
| 100 | 1 | _aNoon, Mike. | |
| 245 | 1 | 4 |
_aThe realities of work / _cMike Noon and Paul Blyton. |
| 250 | _a2nd ed. | ||
| 260 |
_aHoundmills, Basingstoke, Hampshire _aNew York : _bPalgrave, _c2002. |
||
| 300 |
_axii, 372 p. : _bill. ; _c25 cm. |
||
| 650 | 0 | _aWork. | |
| 650 | 0 | _aLabor. | |
| 650 | 0 |
_aEmployees _xAttitudes. |
|
| 700 | 1 | _aBlyton, Paul. | |
| 856 | 4 | 2 |
_3Contributor biographical information _uhttp://www.loc.gov/catdir/bios/hol051/2002190373.html |
| 856 | 4 | 1 |
_3Table of contents _uhttp://www.loc.gov/catdir/toc/hol031/2002190373.html |
| 856 | 4 | 2 |
_3Publisher description _uhttp://www.loc.gov/catdir/description/hol031/2002190373.html |
| 942 |
_2lcc _cBK _n0 |
||
| 999 |
_c5187 _d5187 |
||